Wealth and freedom : an introduction to political economy (Record no. 93300)

MARC details
000 -LEADER
fixed length control field 00630nam a2200205Ia 4500
008 - FIXED-LENGTH DATA ELEMENTS--GENERAL INFORMATION
fixed length control field 191130s1995##################000#0#eng##
020 ## - INTERNATIONAL STANDARD BOOK NUMBER
ISBN 521443148
082 ## - DEWEY DECIMAL CLASSIFICATION NUMBER
Classification number 330.16 LEV
100 ## - MAIN ENTRY--AUTHOR NAME
Personal name Levine, David P
245 ## - TITLE STATEMENT
Title Wealth and freedom : an introduction to political economy
Statement of responsibility, etc David P. Levine
260 ## - PUBLICATION, DISTRIBUTION, ETC. (IMPRINT)
Place of publication Cambridge
Name of publisher Cambridge University Press
Year of publication 1995
300 ## - PHYSICAL DESCRIPTION
Number of Pages x, 191 p. : ill. ; 23 cm
500 ## - GENERAL NOTE
General note Includes bibliographical references (p. 185-188) and index
650 ## - SUBJECT ADDED ENTRY--TOPICAL TERM
Topical Term Economics
991 ## -
-- 43339
Holdings
Withdrawn status Lost status Damaged status Not for loan Home library Current library Shelving location Date acquired Full call number Accession Number Price effective from Koha item type
        Anna Centenary Library Anna Centenary Library 4TH FLOOR, A WING 09.10.2020 330.16 LEV 103469 09.10.2020 English Books

Find us on the map